00515nam a2200181 i 450000100060000000300090000600500170001500700030003200800410003502000180007608000080009410000210010224500580012326000680018130000260024965000240027585200340029977672ES-MaACL20230906173330.0t|041102s2001 pr ||||1| spa d a0-8477-0112-3 a0091 aReynal, Vicente.14aLas humanidades en la era digital / cVicente Reynal. aSan Juan de Puerto Rico : bUniversidad de Puerto Rico, c2000. aXV, 255 p. ; c23 cm.14aHumanidades-yS.XX. aES-MaACLjE-10203 bR.134436